[Event "Avoine op 34th"]
[Site "Avoine"]
[Date "2019.07.20"]
[Round "3"]
[White "Lacroix, Romain"]
[Black "Radovanovic, Luka"]
[Result "1/2-1/2"]
[WhiteElo "2226"]
[BlackElo "2024"]
[PlyCount "123"]
[EventDate "2019.07.20"]
[EventType "swiss"]
[EventRounds "9"]
[EventCountry "FRA"]
[SourceTitle "EXT 2020"]
[Source "ChessBase"]
[SourceDate "2019.10.17"]
[SourceVersion "1"]
[SourceVersionDate "2019.10.17"]
[SourceQuality "1"]

1. d4 d5 2. c4 dxc4 3. Nf3 Nf6 4. e3 Bg4 5. Bxc4 e6 6. 0-0 Nbd7 7. h3 Bh5 8. Nc3 Nb6 9. Be2 Be7 10. Qb3 0-0 11. Rd1 a5 12. a4 Nfd5 13. e4 Nb4 14. Be3 Bxf3 15. Bxf3 Bg5 16. Bxg5 Qxg5 17. Na2 Nc6 18. Rac1 e5 19. d5 Nd4 20. Rxd4 exd4 21. Rxc7 Qg6 22. Rxb7 Rab8 23. Rxb8 Rxb8 24. Nc1 Nd7 25. Qc2 Ne5 26. Be2 Qb6 27. Bb5 h6 28. Kh1 g5 29. Nd3 Nxd3 30. Qxd3 Qc5 31. Kh2 Rc8 32. Qf3 Qc1 33. d6 Qf4+ 34. Qxf4 gxf4 35. d7 Rd8 36. Kg1 Kf8 37. Kf1 Ke7 38. Ke2 Kd6 39. Kd3 Kc5 40. b3 f6 41. h4 h5 42. f3 Rf8 43. Bc4 Rd8 44. Be6 Rb8 45. Bf7 Kd6 46. Kxd4 Kxd7 47. e5 f5 48. Bc4 Rc8 49. Kd5 Ke7 50. e6 Rg8 51. Ke5 Rxg2 52. Kxf5 Rh2 53. Kg5 Rh3 54. Bd5 Rh1 55. Kxh5 Rg1 56. Kh6 Kf6 57. Kh5 Rg3 58. Bc4 Rg1 59. Kh6 Rg3 60. Bd5 Rg1 61. Bc4 Rg3 62. Kh5 1/2-1/2

[Event "FRA-ch U14"]
[Site "Hyeres"]
[Date "2019.04.21"]
[Round "9"]
[White "Papadiamandis, Elliot"]
[Black "Radovanovic, Luka"]
[Result "1-0"]
[WhiteElo "2157"]
[BlackElo "2111"]
[PlyCount "147"]
[EventDate "2019.04.14"]
[EventType "swiss"]
[EventRounds "9"]
[EventCountry "FRA"]
[SourceTitle "CBM 190 Extra"]
[Source "ChessBase"]
[SourceDate "2019.07.15"]
[SourceVersion "1"]
[SourceVersionDate "2019.07.15"]
[SourceQuality "1"]

1. e4 c5 2. Nf3 Nc6 3. d4 cxd4 4. Nxd4 g6 5. c4 Bg7 6. Be3 Nf6 7. Nc3 0-0 8. Be2 d6 9. 0-0 Bd7 10. Nc2 Ne8 11. Qd2 Nc7 12. Rad1 Be6 13. b3 f5 14. exf5 Bxf5 15. Nd4 Qd7 16. Bf3 Bg4 17. Bxg4 Qxg4 18. h3 Qd7 19. Ne4 Nxd4 20. Bxd4 Qf5 21. Ng3 Qf7 22. Qe3 b6 23. Bxg7 Qxg7 24. Qe4 Na6 25. Rde1 Rae8 26. Qb7 Nc5 27. Qxa7 Ra8 28. Qxe7 Qxe7 29. Rxe7 Rxa2 30. Re3 Rb2 31. Ne4 Nxe4 32. Rxe4 Rxb3 33. Rd4 Rc8 34. Ra1 Rc7 35. Rxd6 Rxc4 36. Rd7 Rc8 37. Raa7 b5 38. Rg7+ Kh8 39. Rxh7+ Kg8 40. Rhg7+ Kh8 41. Rxg6 Rb1+ 42. Kh2 b4 43. Rb6 b3 44. Rab7 Rc3 45. Ra6 Rc8 46. Ra3 Rf1 47. Raxb3 Rxf2 48. Rb8 Rxb8 49. Rxb8+ Kg7 50. h4 Rc2 51. Kh3 Rc4 52. Rb3 Kh6 53. g4 Rc6 54. Kg3 Ra6 55. Re3 Rb6 56. Kf4 Ra6 57. Kf5 Ra5+ 58. Re5 Ra1 59. Re6+ Kh7 60. h5 Rf1+ 61. Kg5 Ra1 62. Re7+ Kh8 63. Rf7 Ra6 64. h6 Rb6 65. Rf6 Rb7 66. Kg6 Rb8 67. g5 Rg8+ 68. Kh5 Rb8 69. Ra6 Rc8 70. Ra5 Kg8 71. g6 Kh8 72. h7 Kg7 73. Ra7+ Kf6 74. Rf7+ 1-0

[Event "Avoine op 33rd"]
[Site "Avoine"]
[Date "2018.07.23"]
[Round "3"]
[White "Radovanovic, Luka"]
[Black "Shirazi, Kamran"]
[Result "0-1"]
[WhiteElo "1980"]
[BlackElo "2330"]
[PlyCount "118"]
[EventDate "2018.07.21"]
[EventType "swiss"]
[EventRounds "9"]
[EventCountry "FRA"]
[SourceTitle "CBM 185 Extra"]
[Source "ChessBase"]
[SourceDate "2018.07.29"]
[SourceVersion "1"]
[SourceVersionDate "2018.07.29"]
[SourceQuality "1"]

1. d4 d5 2. Nf3 Nf6 3. c4 c6 4. Nbd2 g6 5. g3 Bg7 6. Bg2 0-0 7. 0-0 Na6 8. b3 b6 9. Bb2 Bb7 10. Rc1 c5 11. Re1 e6 12. Ne5 Qe7 13. cxd5 Nxd5 14. Ndc4 Rfd8 15. e3 cxd4 16. exd4 Ndb4 17. a3 Bxg2 18. Kxg2 Qb7+ 19. Kg1 Nd5 20. Qe2 Rac8 21. Nd2 Rxc1 22. Rxc1 Rc8 23. Rc4 Rxc4 24. bxc4 Nf6 25. Qf3 Qxf3 26. Ndxf3 Ne4 27. Nc6 Nd6 28. Nd2 Nc8 29. a4 Kf8 30. Kf1 Ke8 31. Ba3 f6 32. Nb4 Nxb4 33. Bxb4 f5 34. Nf3 h6 35. h4 Kd7 36. Ke2 g5 37. hxg5 hxg5 38. Kd3 Bf6 39. Nd2 a5 40. Ba3 Na7 41. d5 g4 42. Nb3 exd5 43. cxd5 b5 44. Nxa5 bxa4 45. Kc4 Be7 46. Bxe7 Kxe7 47. Kd4 a3 48. Ke5 a2 49. Nb3 Nb5 50. Na1 Nd6 51. Nc2 Ne4 52. Kxf5 Nxf2 53. Ke5 Nd3+ 54. Ke4 Nb4 55. Na1 Kd6 56. Kf5 Kxd5 57. Kxg4 Kd4 58. Kf5 Nd5 59. Ke6 Ne3 0-1

[Event "Avoine op 33rd"]
[Site "Avoine"]
[Date "2018.07.22"]
[Round "2"]
[White "Degardin, Sylvain"]
[Black "Radovanovic, Luka"]
[Result "1/2-1/2"]
[WhiteElo "2197"]
[BlackElo "1980"]
[PlyCount "106"]
[EventDate "2018.07.21"]
[EventType "swiss"]
[EventRounds "9"]
[EventCountry "FRA"]
[SourceTitle "CBM 185 Extra"]
[Source "ChessBase"]
[SourceDate "2018.07.29"]
[SourceVersion "1"]
[SourceVersionDate "2018.07.29"]
[SourceQuality "1"]

1. e4 c5 2. Nf3 Nc6 3. Nc3 g6 4. d4 cxd4 5. Nxd4 Bg7 6. Be3 Nf6 7. Bc4 0-0 8. Bb3 Re8 9. 0-0 d6 10. h3 Na5 11. f4 Nxb3 12. axb3 Nd7 13. Nde2 Nb6 14. Qe1 Bd7 15. Qf2 Bc6 16. Rxa7 Nd7 17. Rxa8 Qxa8 18. Bd4 Nf6 19. e5 Ne4 20. Nxe4 Bxe4 21. Ng3 b5 22. Nxe4 Qxe4 23. Re1 Qc6 24. exd6 Qxd6 25. Bxg7 Kxg7 26. Qe3 f6 27. Re2 Kf7 28. Rd2 Qc6 29. Qd4 Ra8 30. Qd5+ Qxd5 31. Rxd5 Ra1+ 32. Kf2 Rc1 33. Rc5 b4 34. Rc4 Ke6 35. c3 Rc2+ 36. Kf3 Rxb2 37. Rxb4 Kd5 38. Rb7 e5 39. fxe5 fxe5 40. Rb5+ Kc6 41. Rxe5 Rxb3 42. Re3 Kd6 43. Kf4 Rb5 44. g4 h5 45. gxh5 gxh5 46. h4 Rc5 47. Rg3 Ke6 48. Rh3 Kd6 49. Ke4 Rc4+ 50. Kd3 Rg4 51. Kc2 Kc5 52. Kb3 Kb5 53. Rh2 Kc5 1/2-1/2